Sports Quiz

Random Sports or Football Quiz

Last Five: Big 4 Champions Quiz Stats

 Plays Quiz Updated Nov 3, 2018

Challenge
Share
Tweet
Embed
Score 0/20 Timer 03:00
5 Plays Today
% Correct
New England Patriots (2015)
97.9%
New England Patriots (2017)
96.5%
Cleveland Cavaliers (2016)
96.5%
Golden State Warriors (2015)
95.7%
Golden State Warriors (2017)
95.5%
Golden State Warriors (2018)
94.1%
Chicago Cubs (2016)
93.5%
Denver Broncos (2016)
92.8%
Seattle Seahawks (2014)
90.9%
Houston Astros (2017)
90.6%
% Correct
San Francisco Giants (2014)
89.1%
San Antonio Spurs (2014)
89.1%
Washington Capitals (2018)
84.1%
Boston Red Sox (2018)
83.8%
Chicago Blackhawks (2015)
83.6%
Pittsburgh Penguins (2016)
83.3%
Philadelphia Eagles (2018)
82.7%
Kansas City Royals (2015)
81.9%
Pittsburgh Penguins (2017)
81.8%
Los Angeles Kings (2014)
76.4%

You're not logged in!

Compare scores with friends on all Sporcle quizzes.
OR
Log In

You Might Also Like...

Show Comments

Extras

Top Quizzes Today


Score Distribution

Your Account Isn't Verified!

In order to create a playlist on Sporcle, you need to verify the email address you used during registration. Go to your Sporcle Settings to finish the process.

Report this User

Report this user for behavior that violates our Community Guidelines.

Details: